100 Dessins animés des années 2000-2010 [Maître] - Statistiques

Statistiques générales
  • Ce quiz a été pris 628 fois
  • Le résultat moyen est 13 sur 100
Statistiques - réponses
Par images Réponse % Correct
Kung Fu Panda : L'Incroyable Légende
82%
Zig et Sharko
80%
Go Diego !
75%
Masha et Michka
73%
Cédric
71%
Les Pingouins de Madagascar
71%
Tom Sawyer
69%
Timon et Pumbaa
67%
Bip Bip et Coyote
59%
Les Razmoket
55%
Denver, le dernier dinosaure
52%
Kuzco, un empereur à l'école
47%
Les Monsieur Madame
40%
George de la jungle
36%
Le Petit Dinosaure
35%
Minus et Cortex
32%
SpieZ ! Nouvelle Génération
31%
Gormiti
30%
Signé Cat's Eyes
30%
SheZow
22%
L'Histoire sans fin
17%
Raymond
16%
Alien Bazar
15%
Pichi Pichi Pitch : La Mélodie des sirènes
15%
La Linea
14%
Umizoomi
12%
Les Aventures d'Ernest et Bart
10%
Allez Raconte !
9%
Chocola et Vanilla
8%
Le chat de Frankenstein
8%
Pop Pixie
8%
American Dragon : Jake Long
7%
Robinson Sucroë
7%
Tara Duncan
7%
Boo!
6%
Groove High
6%
Les Frères Koalas
6%
Agent Spécial Oso
5%
Joe et Jack
5%
Maya et Miguel
5%
La Famille Trompette
4%
Prudence Petitpas
4%
Un, deux, trois Bo !
4%
Xiaolin Chronicles
4%
BeyWheelz
3%
Kitou Scrogneugneu
3%
La Sorcière Camomille
3%
Manon
3%
Pepper Ann
3%
Souris des villes, souris des champs
3%
Trollz
3%
Une fusée d'enfer
3%
Andy Pandy
2%
Connie la vache
2%
Fennec
2%
Gaspard et Lisa
2%
Jay Jay le petit avion
2%
Jenny Robot
2%
La Brigade des contes de fées
2%
Le Nidouille
2%
Le roi, c'est moi
2%
Les Contes de Tinga Tinga
2%
Les Cotoons
2%
Les Enquêtes de Geleuil et Lebon
2%
Mirmo
2%
MOT
2%
Quat' Zieux
2%
Stella et Sacha
2%
Stoked
2%
Wonder Choux
2%
Zatchbell
2%
Bing et Bong
1%
Cajou
1%
Dougie se déguise
1%
Eckhart
1%
Faireez
1%
Hotel Bordemer
1%
Hot Wheels Battle Force 5
1%
Jim l'Astronaute
1%
Kobushi
1%
Le Secret du sable bleu
1%
Les Héros d'Higglyville
1%
Les Rois et Les Reines
1%
Malo Korrigan
1%
Mega Robot Super Singes Hyperforce Go
1%
Méli et Mélo
1%
Mon copain de classe est un singe
1%
Orson et Olivia
1%
Panshel
1%
Patrouille 03
1%
Poochini
1%
Ruby Gloom
1%
Tam Tam et Piko
1%
Trio de choc
1%
Urmel
1%
Wheel Squad
1%
Woofy
1%
Wounchpounch
1%
La Vache, le Chat et l'Océan
0%
Les Gnoufs
0%
Aucun quiz correspondant
Distribution des résultats
% des personnes avec chaque résultat
Percentile par nombre de réponses
Votre historique - résultats
Vous n’avez pas pris ce quiz